000 00615nam a2200181Ia 4500
005 20250508152818.0
008 008 250505s9999 xx 000 0 eng d
037 _aTextual
040 _aFEDL
_beng
_cFEDL
041 _aeng
_2eng
084 _a362.7, UNE
_qFEDL
245 0 _aChild welfare films : An international index of films and film strips on the health and welfare of children
245 0 _cUnited Nations Educational, Scientific and Cultural Organization and World Health Organization
260 _c1950
300 _avi,213p
942 _cTEXL
_h362.7, UNE
999 _c1338910
_d1338910